Manual para la Inclusión de Biodiversidad en el Proceso de Ordenamiento Territorial Municipal (Registro nro. 18113)

Detalles MARC
000 -CABECERA
Campo de control 00887nam a22002297a 4500
005 - FECHA Y HORA DE LA ULTIMA TRANSACCION
Campo de control 20200104041737.0
008 - ELEMENTOS DE LONGITUD FIJA—INFORMACION GENERAL
Campo de control 160208b xxu||||| |||| 00| 0 spa d
040 ## - FUENTE DE CATALOGACIÓN
Agencia catalogadora original CO-BoIAVH
Agencia transcriptora CO-BoIAVH
041 ## - IDIOMA
Código de idioma para texto/pista de sonido o título separado Español
044 ## - PAÍS DE PUBLICACIÓN
País de publicación Colombia
090 ## - CLASIFICACIÓN LOCAL
Colección IAVH
Consecutivo 01627
110 1# - ASIENTO PRINCIPAL--NOMBRE CORPORATIVO
Nombre corporativo o de jurisdicción como elemento de entrada Instituto de Investigación de Recursos Biológicos Alexander von Humboldt
9 (RLIN) 204
245 1# - MENCION DE TITULO
Título Manual para la Inclusión de Biodiversidad en el Proceso de Ordenamiento Territorial Municipal
260 ## - PUBLICACION, DISTRIBUCION, ETC. (PIE DE IMPRENTA)
Lugar de publicación, distribución, etc. [s. i] :
Nombre del editor, distribuidor, etc. Instituto de Investigación de Recursos Biológicos Alexander von Humboldt,
Fecha de publicación, distribución, etc. [s. i].
300 ## - DESCRIPCION FISICA
Extensión 17 Paginas
650 #4 - ASIENTO SECUNDARIO DE MATERIA - TERMINO TEMATICO
Término temático o nombre geográfico como elemento de entrada Información Biodiversidad
9 (RLIN) 57933
650 #4 - ASIENTO SECUNDARIO DE MATERIA - TERMINO TEMATICO
Término temático o nombre geográfico como elemento de entrada Flora y Fauna Silvestres
9 (RLIN) 57934
650 #4 - ASIENTO SECUNDARIO DE MATERIA - TERMINO TEMATICO
Término temático o nombre geográfico como elemento de entrada Ecologia
9 (RLIN) 57935
710 1# - ASIENTO SECUNDARIO - NOMBRE CORPORATIVO
Nombre corporativo o de jurisdicción como elemento de entrada Instituto Geografico Agustin Codazzi
9 (RLIN) 57936
710 1# - ASIENTO SECUNDARIO - NOMBRE CORPORATIVO
Nombre corporativo o de jurisdicción como elemento de entrada Ministerio de Ambiente, Vivienda y Desarrollo Territorial
9 (RLIN) 57937
942 ## - ELEMENTOS ADICIONALES (KOHA)
Sistema de clasificación Local
Tipo de ítem Informe Técnico
Existencias
Withdrawn status Lost status Sistema de Clasificación Damaged status No para préstamo Colección Inventariado Ubicación Permanente Ubicación actual Fecha de adquisición Fuente de Valor Total Checkouts Número topográfico Inventario / Código de Barras Date last seen Ejemplar Price effective from Forma de adquisición Tipo de material
    Local     Humboldt Inventariado 2017 Bogotá Bogotá 08/02/2016 Institucional   IAVH-01627 039730 08/02/2016 Ej. 1 08/02/2016 Institucional Informe Técnico